000 01042cad a22002175a 4500
001 L157095
008 120829s2013 xxk f 000 0 eng d
020 _a9781842196908
035 _a(Sirsi) u157095
041 0 _aeng
110 1 _aRoyal Institution of Chartered Surveyors
_94900
245 0 4 _aThe future of private finance initiative and public private partnership
260 _aLondon
_bRICS
_c2013
490 0 _aRICS Research
520 _aThis report presents an evidence base to enable RICS to inform and guide members and other key stakeholder groupings on the challenges and opportunities afforded by PPPs. The key findings from the report are presented under a series of thematic headings and reflect the views and experiences of a diverse range of key stakeholder groupings across five key PPP markets namely Australia, Canada, India, the UK and the US.
650 2 4 _aPUBLIC PRIVATE PARTNERSHIPS
650 2 4 _aPRIVATE FINANCE INITIATIVE
651 4 _aUnited Kingdom
690 _aInfrastructure
_96246
942 _n0
_2ddc
999 _c114593
_d114593